Sports Quiz

Random Sports or Famous Quiz

Goal.com NxGn 2019 Quiz Stats

 Plays Quiz not verified by Sporcle

Score 0/15 Timer 03:00
2 Plays Today
Nationality Player % Correct
England1. Jadon Sancho
98%
Brazil2. Vinícius Júnior
94.8%
England3. Callum Hudson-Odoi
88.7%
England4. Phil Foden
88.7%
England11. Ryan Sessegnon
66.5%
Italy9. Moise Kean
57.7%
Canada6. Alphonso Davies
56.9%
Wales14. Ethan Ampadu
52%
Nationality Player % Correct
England10. Morgan Gibbs-White
37.1%
Brazil5. Rodrygo Goes
24.2%
Italy7. Sandro Tonali
23.4%
Mexico8. Diego Lainez
21%
Spain15. Eric Garcia
18.5%
Spain12. Ferran Torres
12.5%
France13. Sofiane Diop
4.8%

You're not logged in!

Compare scores with friends on all Sporcle quizzes.
OR
Log In

You Might Also Like...

Show Comments

Extras

Top Quizzes Today


Score Distribution

Your Account Isn't Verified!

In order to create a playlist on Sporcle, you need to verify the email address you used during registration. Go to your Sporcle Settings to finish the process.

Report this User

Report this user for behavior that violates our Community Guidelines.

Details: